Score 0/26 Timer 03:00
0 Plays Today
Band Missing Word % Correct
_______ ZeppelinLed
98%
____ LeppardDef
94.5%
_________ MacFleetwood
89.5%
___ TopZZ
89.1%
Deep _______Purple
88.1%
Creedence Clearwater ________Revival
87.9%
______ TrickCheap
83.6%
Tom Petty and the ____________Heartbreakers
82.7%
The Jimi Hendrix _________Experience
81.9%
_______ TullJethro
81.6%
________ SisterTwisted
81.2%
Huey Lewis and the _____News
77.9%
______ RiotQuiet
76.1%
Band Missing Word % Correct
The ______ WhoGuess
72%
The _______ Brothers BandAllman
71%
__-____ ClanWu-Tang
67.8%
The _______ PeopleVillage
67.7%
Simple ______Minds
66.4%
Bachman-Turner _________Overdrive
65.1%
_____ ButterflyIron
59.5%
_____ YouthSonic
57.1%
Joan Jett and the ________Blackhearts
54.1%
Xiu ____Xiu
49.6%
_______ HeepUriah
48.8%
____ La TengoYo
45.9%
_____ CrimsonKing
45%

Today's Daily Dose

Remove Ads.
Support Sporcle.
Get the best of Sporcle when you Go Orange. This ad-free experience offers more features, more stats, and more fun while also helping to support Sporcle. Thank you for becoming a member.

You're not logged in!

Compare scores with friends on all Sporcle quizzes.
OR
Log In

Show Comments

Extras

Top Quizzes Today


Score Distribution

Your Account Isn't Verified!

In order to create a playlist on Sporcle, you need to verify the email address you used during registration. Go to your Sporcle Settings to finish the process.

Report this User

Report this user for behavior that violates our Community Guidelines.

Details: